[Event "Klaksvik Kjolur op"]
[Site "Klaksvik"]
[Date "2022.04.03"]
[Round "7"]
[White "Al Jay, Zaid"]
[Black "Thorhauge, Kenneth"]
[Result "0-1"]
[WhiteElo "1468"]
[BlackElo "1497"]
[PlyCount "126"]
[EventDate "2022.04.01"]
[EventType "swiss"]
[EventRounds "7"]
[EventCountry "FAI"]
[SourceTitle "EXT 2023"]
[Source "ChessBase"]
[SourceDate "2022.10.05"]
[SourceVersion "1"]
[SourceVersionDate "2022.10.05"]
[SourceQuality "1"]

1. e4 e6 2. d3 d5 3. Nd2 Nf6 4. Be2 b6 5. Bf3 Bb7 6. e5 Nfd7 7. d4 c5 8. c4 cxd4 9. cxd5 Bxd5 10. Bxd5 exd5 11. Qf3 Nxe5 12. Qg3 Nbc6 13. Ngf3 Nd3+ 14. Kd1 Qd6 15. Qxd6 Bxd6 16. Ke2 Nf4+ 17. Kd1 0-0 18. Nb3 Ne6 19. h4 a5 20. h5 a4 21. Nbd2 Rfe8 22. Nh4 Nf4 23. Nf5 Bc5 24. Nf3 Nd3 25. Rh4 Nxf2+ 26. Kc2 Re4 27. Bd2 Rxh4 28. N5xh4 Re8 29. a3 Ne4 30. Bb4 Bxb4 31. axb4 Nxb4+ 32. Kd1 Nf2+ 33. Kd2 Ne4+ 34. Kd1 Nc5 35. Nxd4 Re4 36. Nhf3 f6 37. Kd2 Nc6 38. Kc3 Nxd4 39. Nxd4 Rxd4 40. Kxd4 Nb3+ 41. Kxd5 Nxa1 42. Kc6 Nc2 43. Kxb6 a3 44. bxa3 Nxa3 45. Kc5 g6 46. h6 Kf7 47. Kd5 Nb5 48. g4 Nc7+ 49. Ke4 Ne6 50. Kf3 Ke7 51. Ke3 Nd8 52. Kf4 Nf7 53. Kf3 Ke6 54. Kf4 Kd5 55. Kf3 Ke5 56. Ke3 Ng5 57. Kd3 Kf4 58. Kd4 Kxg4 59. Kd5 Nf7 60. Ke6 Nxh6 61. Kxf6 g5 62. Kg7 Kf3 63. Kxh6 g4 0-1